Contemporary methods of social work / (Record no. 142557)

MARC details
000 -LEADER
fixed length control field 00589nam a22001937a 4500
005 - DATE AND TIME OF LATEST TRANSACTION
control field 20170713163414.0
010 ## - LCCN (DPL NO)
LC control number ENG-119180
020 ## - INTERNATIONAL STANDARD BOOK NUMBER
International Standard Book Number 9788175418318
Terms of availability 995.00
035 ## - SYSTEM CONTROL NUMBER
System control number EN-102712
037 ## - SOURCE OF ACQUISITION
Source of stock number/acquisition DBAD/PUB
082 ## - DEWEY DECIMAL CLASSIFICATION NUMBER
Classification number 361
245 ## - TITLE STATEMENT
Title Contemporary methods of social work /
Statement of responsibility, etc edited by Gracious Thomas
260 ## - PUBLICATION, DISTRIBUTION, ETC. (IMPRINT)
Place of publication, distribution, etc Delhi
Name of publisher, distributor, etc Shipra Publications
Date of publication, distribution, etc 2016
270 ## - ADDRESS
Address LG-18-19,Pankaj Central Market,I.P.Ext. Patparganj
City Delhi
Postal code 110092
300 ## - PHYSICAL DESCRIPTION
Extent xii,191p.
Dimensions 23cm(Hb)
500 ## - GENERAL NOTE
General note Includes index
700 ## - ADDED ENTRY--PERSONAL NAME
Personal name Thomas,Gracious
942 ## - ADDED ENTRY ELEMENTS (KOHA)
Source of classification or shelving scheme Dewey Decimal Classification
Item type English Books
Call number suffix CON
Classification part 361
Holdings
Withdrawn status Lost status Not for loan Collection code Home library Current library Date acquired Source of acquisition Cost, normal purchase price Full call number Barcode Copy number Cost, replacement price Koha item type
    Not For Loan Non-fiction D.B.Act.Division Bawana 13/07/2017 DBAD/PUB 995.00 361 CON EN-102712 1 995.00 English Books

© Delhi Public Library
Hit Counter
free hit counter